[Event "Gelsenkirchen Silvester op 2nd"]
[Site "Gelsenkirchen"]
[Date "2014.12.29"]
[Round "5"]
[White "Chamera, Maxim"]
[Black "Marosa, Manfred"]
[Result "0-1"]
[WhiteElo "846"]
[BlackElo "1447"]
[PlyCount "76"]
[EventDate "2014.12.27"]
[EventType "swiss"]
[EventRounds "5"]
[EventCountry "GER"]
[SourceTitle "EXT 2019"]
[Source "ChessBase"]
[SourceDate "2018.10.10"]
[SourceVersion "1"]
[SourceVersionDate "2018.10.10"]
[SourceQuality "1"]

1. e4 e6 2. d4 d5 3. e5 c5 4. c3 Nc6 5. Nf3 cxd4 6. cxd4 Bb4+ 7. Nc3 Qa5 8. Bd2 Nge7 9. a3 Bxc3 10. Bxc3 Qc7 11. Bb5 a6 12. Bxc6+ bxc6 13. 0-0 0-0 14. b4 Re8 15. Re1 Ng6 16. Qd3 Bd7 17. Rad1 Rec8 18. Rc1 Qd8 19. Rcd1 Rcb8 20. Rb1 Rb5 21. a4 Rb6 22. Rbd1 f5 23. b5 cxb5 24. Ba5 Qb8 25. Bxb6 Qxb6 26. axb5 Bxb5 27. Qb3 Qd8 28. Qe3 h6 29. g3 Qf8 30. Rc1 Bc4 31. Rcd1 a5 32. Ra1 a4 33. Rec1 a3 34. Rc2 a2 35. Qc1 f4 36. gxf4 Nxf4 37. Qe1 Qf5 38. Qd2 Qg4+ 0-1

[Event "Gelsenkirchen Silvester op 2nd"]
[Site "Gelsenkirchen"]
[Date "2014.12.28"]
[Round "4"]
[White "Marosa, Manfred"]
[Black "Schimnatkowski, Lukas"]
[Result "0-1"]
[WhiteElo "1447"]
[BlackElo "1834"]
[PlyCount "58"]
[EventDate "2014.12.27"]
[EventType "swiss"]
[EventRounds "5"]
[EventCountry "GER"]
[SourceTitle "EXT 2019"]
[Source "ChessBase"]
[SourceDate "2018.10.10"]
[SourceVersion "1"]
[SourceVersionDate "2018.10.10"]
[SourceQuality "1"]

1. e4 e6 2. d4 d5 3. Nc3 Nf6 4. e5 Nfd7 5. Nf3 c5 6. Bb5 Nc6 7. Bxc6 bxc6 8. Bg5 Be7 9. Bxe7 Qxe7 10. 0-0 Ba6 11. Re1 0-0 12. Ne2 Bxe2 13. Rxe2 cxd4 14. Qxd4 c5 15. Qg4 Rfe8 16. c3 Rab8 17. b3 f6 18. Rae1 Rb6 19. Re3 fxe5 20. Nxe5 Nxe5 21. Rxe5 Rd6 22. R1e3 Qf6 23. h4 d4 24. cxd4 cxd4 25. Re1 d3 26. Ra5 Qc3 27. Rae5 d2 28. R1e2 d1Q+ 29. Kh2 Qxe5+ 0-1